00764 2200241 4500001002100000005001500021035002000036007000300056008004100059020002200100082000800122084001400130100001900144245015800163250001000321260004700331300003500378650003900413504003000452710001800482990001100500990001100511INLIS00000000000443620191114085956 a0010-1119000063ta191114 g 0 ind  a978-602-5790-26-3 a628 a628 LUL t0 aLULUK, Hamidah1 aTeknologi Pengolahan Sampah Skala Besar :bEcobrick, minyak pirolisis, Batako dan Paving block dan Campuran Aspal /cLuluk Hamidah; editor, Tim penerbit acet.1 aYogyakarta :bHijaz Pustaka Mandiri,c2018 ax, 181 hlm. :bilus. ;c21 cm. 4aTEKNIK SANITASI. PENGOLAHAN SAMPAH aBibliografi: hlm. 171-1810 aTIM, penerbit a7166 a a7166 b